000 02169nam0a2200349 i 4500
001 RU\NLR\BIBL_A\011234942
005 20260407043357.0
010 _a978-5-9907584-4-5
_9300
021 _aRU
_b2016-72234
_94671
035 _a(NLR Aleph) 011234942
090 _a12088900
_c12088900
100 _a20161005d2015 u y0rusy50 ca
101 0 _arus
_acrh
102 _aRU
105 _aach|a|||010yy
200 1 _aРеспубликанская крымскотатарская библиотека им. И. Гаспринского: 25 лет
_eбиблиографический указатель
_fМ-во культуры Респ. Крым, Гос. бюджет. учреждение культуры Респ. Крым "Республик. крымскотатар. б-ка им. И. Гаспринского", Инф.-библиогр. отд.
_g[сост.: Д. Белялова и др.]
210 _aСимферополь
_cМедиацентр
_d2015
215 _a319 с.
_cил., портр., факс., цв. ил., портр.
_d20
225 1 _aСерия: Источник знаний
_dСерия: "Бильги чокърагъы"
_zcrh
300 _aНа крымскотатар. и рус. яз.
300 _aПосвящ. 25-летию крымскотатарской Республик. б-ки им. И. Гаспринского
320 _aБиблиогр.: с. 313-317
601 0 2 _aКрымскотатарская республиканская библиотека им. И. Гаспринского
_cСимферополь, город; Крым
_jБиблиография
_92300614
_3RU\NLR\AUTH\6601603941
686 1 _aЧ734(2Ук-4Крм-2С)7я1
702 1 _aБелялова
_bД. Д.
_gДиляра Джаферовна
_4220
711 0 2 _aКрымскотатарская республиканская библиотека им. И. Гаспринского
_cСимферополь
_9529494
_3RU\NLR\AUTH\8810015817
852 _aNLR
_bОНЛ
_jК.-тат./2-1178
942 _cBOOK
980 _aNBR